=LDR 00000nam 2200000 4500 =001 INLIS000000000006312 =005 20220609105546 =035 ##$$a 0010-0622000173 =245 1#$$a Kulit, Karet dan Plastik /$c KEPALA BALAI BESAR KULIT, KARET DAN PLASTIK =110 #$$a BESAR, Kepala Balai =250 ##$$a Edisi Vol. 30 No. 2 Desember 2014 =300 ##$$a xii, 53-114 halaman : $b Tabel, Gambar ; $c 21x28 cm =856 ##$$a OPAC (Rak Majalah) =260 ##$$a Yogyakarta :$b Balai Besar Kulit, Karet, dan Plastik,$c 2014 =082 ##$$a 050.29 =084 ##$$a 050.29 BES k =500 ##$$a Sifat elektrik dan termal nanokomposit poly(vinyl chloride) (PVC)/low density polyethylene (LDPE) =990 ##$$a 485/MJ-15